The noble scholar, jurist, historian


 His Excellency Dr. Abdul Wahhab bin Ibrahim Abu Sulaiman, may Allah have mercy on him.


 He was born in Umm Al-Qura in the year 1356 AH.

تاريخ التشريع الإسلامي في البوسنة والهرسك / (Record no. 14190)

MARC details
000 -LEADER
fixed length control field 01199cam a22002771i 4500
003 - CONTROL NUMBER IDENTIFIER
control field SA-RiAUC
005 - DATE AND TIME OF LATEST TRANSACTION
control field 20260127132131.0
008 - FIXED-LENGTH DATA ELEMENTS--GENERAL INFORMATION
fixed length control field 260126s1993 ||| g 000 0 ara c
040 ## - CATALOGING SOURCE
Original cataloging agency SA-JeALM
Language of cataloging ara
Transcribing agency SA-RiAUC
Description conventions rda
043 ## - GEOGRAPHIC AREA CODE
Geographic area code e-bn---
082 04 - DEWEY DECIMAL CLASSIFICATION NUMBER
Classification number 250.9497
090 ## - LOCALLY ASSIGNED LC-TYPE CALL NUMBER (OCLC); LOCAL CALL NUMBER (RLIN)
Classification number (OCLC) (R) ; Classification number, CALL (RLIN) (NR) 250.9497
Local cutter number (OCLC) ; Book number/undivided call number, CALL (RLIN) ك ا ر
100 1# - MAIN ENTRY--PERSONAL NAME
Personal name كارجيتش، فكرت،
Dates associated with a name 1955-2022
Relator term مؤلف.
245 10 - TITLE STATEMENT
Title تاريخ التشريع الإسلامي في البوسنة والهرسك /
Statement of responsibility, etc. فكرت كارجيتش.
250 ## - EDITION STATEMENT
Edition statement الطبعة الاولى.
264 #1 - PRODUCTION, PUBLICATION, DISTRIBUTION, MANUFACTURE, AND COPYRIGHT NOTICE
Place of production, publication, distribution, manufacture استنبول - نركيا :
Name of producer, publisher, distributor, manufacturer كوبا ،
-- مركز البلقان للدراسات والابحاث العلمية .
Date of production, publication, distribution, manufacture, or copyright notice 1993
300 ## - PHYSICAL DESCRIPTION
Extent 90 صفحة.
Dimensions 24 سم.
336 ## - CONTENT TYPE
Content type term نص
Content type code txt
Source rdacontent
Materials specified كتاب
337 ## - MEDIA TYPE
Media type term بدون وسيط
Media type code n
Source rdamedia
490 1# - SERIES STATEMENT
Series statement الدراسات والأبحاث العلمية
Volume/sequential designation 1
650 #7 - SUBJECT ADDED ENTRY--TOPICAL TERM
Topical term or geographic name entry element الشريعة الإسلامية
General subdivision تاريخ
Geographic subdivision البوسنة والهرسك
Source of heading or term aucsh
650 #7 - SUBJECT ADDED ENTRY--TOPICAL TERM
Topical term or geographic name entry element الفقه الإسلامي
Geographic subdivision البوسنة والهرسك
General subdivision تاريخ
Source of heading or term aucsh
830 #2 - SERIES ADDED ENTRY--UNIFORM TITLE
Uniform title الدراسات والأبحاث العلمية
942 ## - ADDED ENTRY ELEMENTS (KOHA)
Source of classification or shelving scheme Dewey Decimal Classification
Koha item type Books
Suppress in OPAC No
949 ## - LOCAL PROCESSING INFORMATION (OCLC)
a SA-JeALM
d 260126
u osman123
n 1
Holdings
Withdrawn status Lost status Source of classification or shelving scheme Damaged status Not for loan Home library Current library Date acquired Total checkouts Full call number Barcode Date last seen Price effective from Koha item type
    Dewey Decimal Classification     DR AbdElwahab Library DR AbdElwahab Library 01/27/2026   250.9497 ك ا ر 000022646 01/27/2026 01/27/2026 Books